| Tag |
First Indicator |
Second Indicator |
Subfields |
| LEADER |
00000cam a22000008i 4500 |
| 001 |
in00000051686 |
| 005 |
20151007073942.0 |
| 008 |
791220s1980 wb a b 00100 eng |
| 010 |
|
|
|a 79027421
|
| 020 |
|
|
|a 3540098321 (Berlin)
|
| 020 |
|
|
|a 0387098321
|
| 035 |
|
|
|a (OCoLC)05893925
|
| 035 |
|
|
|9 AAF0680AM
|
| 040 |
|
|
|a DLC
|c DLC
|d TXA
|d UtOrBLW
|
| 049 |
|
|
|a TXAM
|c [1405805]
|
| 050 |
0 |
0 |
|a TK7871.99.C45
|b C44
|
| 082 |
0 |
|
|a 621.3815/2
|
| 245 |
0 |
0 |
|a Charge-coupled devices /
|c edited by D. F. Barbe ; with contributions by W. D. Baker [and others].
|
| 263 |
|
|
|a 8002
|
| 264 |
|
1 |
|a Berlin ;
|a New York :
|b Springer-Verlag,
|c 1980.
|
| 300 |
|
|
|a ix, 180 pages :
|b illustrations ;
|c 24 cm.
|
| 336 |
|
|
|a text
|b txt
|2 rdacontent
|
| 337 |
|
|
|a unmediated
|b n
|2 rdamedia
|
| 338 |
|
|
|a volume
|b nc
|2 rdacarrier
|
| 490 |
1 |
|
|a Topics in applied physics ; v. 39
|
| 504 |
|
|
|a Includes bibliographical references and index.
|
| 650 |
|
0 |
|a Charge coupled devices.
|
| 700 |
1 |
|
|a Barbe, D. F.
|q (David F.),
|d 1939-
|
| 700 |
1 |
|
|a Baker, W. D.
|q (Wilford Dean),
|d 1942-
|
| 830 |
|
0 |
|a Topics in applied physics ;
|v v. 39.
|
| 999 |
|
|
|a MARS
|
| 999 |
f |
f |
|s e7f819b3-4293-3e9a-90d5-79e7a8560c7f
|i ed529d10-8b69-3cba-a95e-7fcaf91057e3
|t 0
|
| 952 |
f |
f |
|p ric
|a Texas A&M University
|b Rellis Campus
|c Joint Library Facility
|d Remote Storage
|t 0
|e TK7871.99.C45 C44
|h Library of Congress classification
|i unmediated -- volume
|m A14805503377
|
| 998 |
f |
f |
|a TK7871.99.C45 C44
|t 0
|l Remote Storage
|